| 000 | 03480cam a22012134i 4500 | ||
|---|---|---|---|
| 003 | PE-LiUPU | ||
| 005 | 20250813185518.0 | ||
| 008 | 150625s2005 pe a r 000 0 spa d | ||
| 020 | _aDPLCMYE100008 | ||
| 035 | _a(Sirsi) i100008 | ||
| 040 |
_aPE-LiUPU _bspa _cPE-LiUPU _erda |
||
| 049 | _aPRUA | ||
| 082 | 0 | 4 |
_a395.53 _bR78 _221 |
| 100 | 1 |
_aRoland, Marión, _eautor. |
|
| 245 | 1 | 0 |
_aEtiqueta y falsas posturas / _cMarión Roland. |
| 264 | 1 |
_aHuánuco : _b"Señor de Chacos", _c2005. |
|
| 300 |
_a210 p. : _bilustraciones, fotos ; _c22 centímetros |
||
| 336 |
_atext _2rdacontent |
||
| 337 |
_aunmediated _2rdamedia |
||
| 338 |
_avolume _2rdacarrier |
||
| 505 | 0 | _aEtiqueta. -Lamento del verdugo .. niño. -El hogar dentro de la sociedad. -El correcto tratamiento familiar. -Corrección en la calle. -El complejo de superioridad o inferioridad y el inconformismo social. -La salud. -El trato interpersonal en el ambiente ejecutivo. -Las tarjetas de presentación. -El fumar. -Aprenda a dialogar. -Como conducirse en lugares públicos. -La ética y la moral. -El buen vestir. -Actitudes que demostrarán su clase. -Un país carente de valores morales. -La ropa que debemos usar en diferentes momentos. -La imagen institucional. -La mujer dentro del mundo de hoy. -La imagen de la mujer ejecutiva. -Las secretarias(os) o asistentes. -Organización de actividades. | |
| 526 | _aP202 | ||
| 526 | _aP201 | ||
| 526 | _aP163 | ||
| 526 | _aP162 | ||
| 526 | _aP161 | ||
| 526 | _aP160 | ||
| 526 | _aP148 | ||
| 526 | _aP147 | ||
| 526 | _aP146 | ||
| 526 | _aP145 | ||
| 526 | _aP144 | ||
| 526 | _aP143 | ||
| 526 | _aP142 | ||
| 526 | _aP141 | ||
| 526 | _aP140 | ||
| 526 | _aP139 | ||
| 526 | _aP138 | ||
| 526 | _aP137 | ||
| 526 | _aP136 | ||
| 526 | _aP135 | ||
| 526 | _aP134 | ||
| 526 | _aP133 | ||
| 526 | _aP129 | ||
| 526 | _aP128 | ||
| 526 | _aP127 | ||
| 526 | _aP120 | ||
| 526 | _aP119 | ||
| 526 | _aP118 | ||
| 526 | _aP116 | ||
| 526 | _aP115 | ||
| 526 | _aP114 | ||
| 526 | _aP110 | ||
| 526 | _aP109 | ||
| 526 | _aP108 | ||
| 526 | _aP104 | ||
| 526 | _aP103 | ||
| 526 | _aP102 | ||
| 526 | _aP99 | ||
| 526 | _aP98 | ||
| 526 | _aP97 | ||
| 526 | _aP96 | ||
| 526 | _aP95 | ||
| 526 | _aP93 | ||
| 526 | _aP90 | ||
| 526 | _aP89 | ||
| 526 | _aP88 | ||
| 526 | _aP83 | ||
| 526 | _aP82 | ||
| 526 | _aP62 | ||
| 526 | _aP59 | ||
| 526 | _aP58 | ||
| 526 | _aP57 | ||
| 526 | _aP51 | ||
| 526 | _aP49 | ||
| 526 | _aP48 | ||
| 526 | _aP47 | ||
| 526 | _aP29 | ||
| 526 | _aP24 | ||
| 526 | _aP20 | ||
| 526 | _aP19 | ||
| 526 | _aP17 | ||
| 526 | _aP15 | ||
| 526 | _aP14 | ||
| 526 | _aP12 | ||
| 526 | _aP10 | ||
| 526 | _aP09 | ||
| 526 | _aP08 | ||
| 526 | _aP07 | ||
| 526 | _aP06 | ||
| 526 | _aP05 | ||
| 526 | _aP04 | ||
| 526 | _aP01 | ||
| 541 | _g006-0000195420; | ||
| 650 | 0 | 4 | _aEtiqueta (Modales). |
| 650 | 0 | 4 |
_aCortesía _xVida social. |
| 650 | 0 | 4 | _aEtiqueta en la mesa. |
| 910 |
_agl _baj _clch _d20060607 |
||
| 942 |
_2ddc _cBOOK |
||
| 949 |
_a395.53 R78 _wDEWEY _c1 _i56310 _lCCODEBUL1 _mBUL _p11.00 _r0 _sY _tBOOK _u2015-6-25 _xFCE _zAGB _0COMPRA _o.STAFF. Colección General |
||
| 994 |
_aC0 _bPEPRU |
||
| 596 | _a1 | ||
| 999 |
_a395.53 R78 _wDEWEY _c45549 _i56310 _d45549 _e2015-9-10 _f2021-11-5 _g6 _lCCODEBUL1 _mBUL _n1 _p11.00 _r0 _sN _tBOOK _u2015-6-25 _xBIBLIOTECA _zAGB _0COMPRA _o.STAFF. Colección General |
||
| 980 |
_81 _gALBERTO SANCHEZ Responsable de Automatización |
||